Luyện thi TOEIC cấp tốc trong 30 ngày: Plan B, Nghe hiểu
محفوظ في:
| المؤلف الرئيسي: | |
|---|---|
| التنسيق: | كتاب |
| اللغة: | English |
| منشور في: |
Đại Học Quốc Gia
2016
|
| الموضوعات: | |
| الوسوم: |
إضافة وسم
لا توجد وسوم, كن أول من يضع وسما على هذه التسجيلة!
|
| Thư viện lưu trữ: | Mạng thư viện Đại học Đà Nẵng |
|---|
| LEADER | 00996nam a2200313 a 4500 | ||
|---|---|---|---|
| 001 | 000002472 | ||
| 003 | 04678 | ||
| 005 | 20171229145311.0 | ||
| 008 | 171229s2016 eng | ||
| 040 | |a LSK | ||
| 041 | 0 | |a ENG | |
| 082 | 0 | |a 428.3 |b AN-L | |
| 100 | 1 | |a Anh Lê Toeic chủ biên | |
| 245 | 0 | 0 | |a Luyện thi TOEIC cấp tốc trong 30 ngày: Plan B, Nghe hiểu |
| 260 | |b Đại Học Quốc Gia |c 2016 | ||
| 300 | |a 187 pages |c 27 cm. | ||
| 653 | |a Tiếng Anh - TOEIC | ||
| 852 | |a Phòng Đọc | ||
| 901 | |a 1 | ||
| 927 | |a Sách tham khảo | ||
| OWN | |a LSK | ||
| AVA | |a UDN50 |b LSK |d 428.3 AN-L |e available |t Error 5001 Not defined in file expand_doc_bib_avail. |f 1 |g 0 |h N |i 1 |k 1 | ||
| 999 | |a From the UDN01 | ||
| AVA | |a UDN50 |b LSK |d 428.3 AN-L |e available |t Error 5001 Not defined in file expand_doc_bib_avail. |f 1 |g 0 |h N |i 1 |k 1 | ||
| TYP | |a Monograph | ||
| TYP | |a Printed language | ||
| 980 | |a Mạng thư viện Đại học Đà Nẵng | ||